| 000 | 01127cam a22002411 4500 | ||
|---|---|---|---|
| 001 | e 29000204 | ||
| 003 | DLC | ||
| 005 | 20260227111219.0 | ||
| 008 | 790915s1929 nyucf 000 0 eng c | ||
| 010 | _ae 29000204 | ||
| 035 | _a(OCoLC)5377944 | ||
| 040 |
_aLibrary, U.S. Office of Education _cOCl _dOCoLC _dDLC |
||
| 050 | 0 | 0 |
_aL182 _b.C7 1928 |
| 110 | 2 | _aUniversity of the State of New York. | |
| 245 | 0 | 2 |
_aA report of progress, 1921-1928, _cby the Board of regents of the University of the state of New York and the State education department. |
| 260 |
_aAlbany, _bThe University of the state of New York press, _c1929. |
||
| 300 |
_a2 p. l., 77-34 p. _bpl., 2 port. _c26 cm. |
||
| 500 | _aCover-title. | ||
| 500 | _a"Presented by Chancellor Chester S. Lord at a dinner given by the Board of regents upon the completion of the seventh year of the service of Dr. Frank Pierrepont Graves as commissioner of education and president of the University of the state of New York." | ||
| 610 | 2 | 0 | _aUniversity of the State of New York. |
| 650 | 0 |
_aEducation _zNew York (State) |
|
| 700 | 1 |
_aLord, Chester Sanders, _d1850-1933. |
|
| 999 |
_c20970 _d20970 |
||